LIBRARY & INFORMATION CENTRE, KCAET, TAVANUR

ONLINE PUBLIC ACCESS CATALOGUE (OPAC)

Himagiriyiloode / (Record no. 6532)

MARC details
000 -LEADER
fixed length control field 00450cam a2200181ua 4500
041 ## - LANGUAGE CODE
Language code of text/sound track or separate title mal
082 ## - DEWEY DECIMAL CLASSIFICATION NUMBER
Classification number 894.812 803 55
Item number DAY/HI
100 ## - MAIN ENTRY--AUTHOR NAME
Personal name Dayananda, Theertha .
245 ## - TITLE STATEMENT
Title Himagiriyiloode /
250 ## - EDITION STATEMENT
Edition statement 1 /
260 ## - PUBLICATION, DISTRIBUTION, ETC. (IMPRINT)
Place of publication Viyyur :
Name of publisher Bharathee Bhooshanam Press ,
Year of publication 1964.
300 ## - PHYSICAL DESCRIPTION
Number of Pages 253 ; .
942 ## - ADDED ENTRY ELEMENTS (KOHA)
Koha item type Books
Holdings
Withdrawn status Lost status Damaged status Home library Current library Date acquired Full call number Accession Number Koha item type Public note
Withdrawn     KAUAET Malayalam University 07/04/2012 894.812 803 55 8959 Books Transferred to Malayalam University
free website counter